[Event "Dieren op"]
[Site "Dieren"]
[Date "2000.07.21"]
[Round "4"]
[White "Mokry, Karel"]
[Black "Van den Dikkenberg, Erik"]
[Result "1/2-1/2"]
[WhiteElo "2476"]
[BlackElo "2319"]
[PlyCount "26"]
[EventDate "2000.07.18"]
[EventType "swiss"]
[EventRounds "9"]
[EventCountry "NED"]
[SourceTitle "CBM 077 Extra"]
[Source "ChessBase"]
[SourceDate "2000.09.14"]
[SourceVersion "1"]
[SourceVersionDate "2000.09.14"]
[SourceQuality "1"]

1. e4 c5 2. Nf3 d6 3. d4 cxd4 4. Nxd4 Nf6 5. Nc3 a6 6. f4 e6 7. Bd3 Qc7 8. 0-0 Nbd7 9. Qf3 Be7 10. Be3 b5 11. a3 Bb7 12. Rae1 Nc5 13. g4 d5 1/2-1/2

[Event "CZE-chT 9900"]
[Site "Czech Republic"]
[Date "2000.03.19"]
[Round "11"]
[White "Mokry, Karel"]
[Black "Cicak, Slavko"]
[Result "1/2-1/2"]
[WhiteElo "2465"]
[BlackElo "2506"]
[PlyCount "43"]
[EventDate "1999.10.23"]
[EventType "team-tourn"]
[EventRounds "11"]
[EventCountry "CZE"]
[SourceTitle "EXT 2019"]
[Source "ChessBase"]
[SourceDate "2018.10.10"]
[SourceVersion "1"]
[SourceVersionDate "2018.10.10"]
[SourceQuality "1"]
[WhiteTeam "Grygov A64 Valoz"]
[BlackTeam "Trinec"]
[WhiteTeamCountry "CZE"]
[BlackTeamCountry "CZE"]

1. e4 d5 2. exd5 Qxd5 3. Nc3 Qd6 4. d4 c6 5. h3 Bf5 6. Nf3 e6 7. Ne5 Nd7 8. Nc4 Qc7 9. g3 Nb6 10. Bf4 Qd8 11. g4 Bg6 12. Ne5 Nd5 13. Nxd5 Qxd5 14. f3 Bd6 15. Bc4 Qa5+ 16. c3 Qc7 17. h4 f6 18. Nxg6 hxg6 19. Bxd6 Qxd6 20. Qe2 Kf7 21. 0-0-0 Ne7 22. Qh2 1/2-1/2

[Event "CZE-chT 9900"]
[Site "Czech Republic"]
[Date "1999.12.18"]
[Round "5"]
[White "Mokry, Karel"]
[Black "David, Pavel"]
[Result "1/2-1/2"]
[WhiteElo "2460"]
[BlackElo "2432"]
[PlyCount "90"]
[EventDate "1999.10.23"]
[EventType "team-tourn"]
[EventRounds "11"]
[EventCountry "CZE"]
[SourceTitle "EXT 2019"]
[Source "ChessBase"]
[SourceDate "2018.10.10"]
[SourceVersion "1"]
[SourceVersionDate "2018.10.10"]
[SourceQuality "1"]
[WhiteTeam "Grygov A64 Valoz"]
[BlackTeam "Zlin"]
[WhiteTeamCountry "CZE"]
[BlackTeamCountry "CZE"]

1. e4 c5 2. Nf3 d6 3. d4 cxd4 4. Nxd4 Nf6 5. Nc3 a6 6. f4 e6 7. Bd3 b5 8. Qf3 Bb7 9. g4 Nfd7 10. Be3 Nc5 11. a3 Nbd7 12. 0-0 h6 13. b4 Nxd3 14. cxd3 Be7 15. Qh3 g6 16. f5 Nf8 17. fxe6 Nxe6 18. Nxe6 fxe6 19. g5 Qc8 20. Rac1 e5 21. Qxc8+ Rxc8 22. gxh6 g5 23. Nd5 Rxc1 24. Rxc1 Bd8 25. Bb6 Rxh6 26. Bxd8 Kxd8 27. Kg2 g4 28. Ne3 Rh3 29. Nxg4 Rxd3 30. Nf2 Re3 31. h4 d5 32. Rd1 d4 33. h5 Ke7 34. h6 Kf7 35. Rh1 Kg8 36. Rh5 Kh7 37. Rxe5 Kxh6 38. Re7 Bc8 39. Re8 Rc3 40. Rd8 Rc4 41. Nd3 Bb7 42. Kf3 Bc6 43. Kf4 Kg7 44. Ke5 a5 45. bxa5 Ra4 1/2-1/2

[Event "CZE-chT 9900"]
[Site "Czech Republic"]
[Date "1999.10.24"]
[Round "2"]
[White "Kuczynski, Robert"]
[Black "Mokry, Karel"]
[Result "1/2-1/2"]
[WhiteElo "2450"]
[BlackElo "2460"]
[PlyCount "50"]
[EventDate "1999.10.23"]
[EventType "team-tourn"]
[EventRounds "11"]
[EventCountry "CZE"]
[SourceTitle "EXT 2019"]
[Source "ChessBase"]
[SourceDate "2018.10.10"]
[SourceVersion "1"]
[SourceVersionDate "2018.10.10"]
[SourceQuality "1"]
[WhiteTeam "Pardubice RC Sport"]
[BlackTeam "Grygov A64 Valoz"]
[WhiteTeamCountry "CZE"]
[BlackTeamCountry "CZE"]

1. e4 e5 2. Nf3 Nc6 3. Bb5 Nf6 4. 0-0 Nxe4 5. d4 Nd6 6. Bxc6 dxc6 7. dxe5 Nf5 8. Qxd8+ Kxd8 9. Nc3 h6 10. h3 Be6 11. g4 Ne7 12. Nd4 Bc4 13. Rd1 Ke8 14. b3 Bd5 15. Nxd5 Nxd5 16. Ne2 a5 17. c4 Nb4 18. Nc3 Rd8 19. Rxd8+ Kxd8 20. Bb2 Kc8 21. Rd1 Be7 22. a3 Nc2 23. a4 Rd8 24. Rxd8+ Kxd8 25. Ne4 Ba3 1/2-1/2

[Event "Olomouc AZ Sanace Cup"]
[Site "Olomouc"]
[Date "1999.08.15"]
[Round "9"]
[White "Kovalev, Andrei"]
[Black "Mokry, Karel"]
[Result "1-0"]
[WhiteElo "2400"]
[BlackElo "2460"]
[PlyCount "49"]
[EventDate "1999.08.07"]
[EventType "tourn"]
[EventRounds "9"]
[EventCountry "CZE"]
[EventCategory "9"]
[SourceTitle "CBM 071 Extra"]
[Source "ChessBase"]
[SourceDate "1999.09.14"]
[SourceVersion "1"]
[SourceVersionDate "1999.09.14"]
[SourceQuality "1"]

1. e4 e5 2. Nf3 Nc6 3. Bb5 Nf6 4. d3 d6 5. c3 g6 6. 0-0 Bg7 7. Re1 0-0 8. h3 Bd7 9. a4 Re8 10. a5 Nb8 11. Bc4 Be6 12. Bxe6 Rxe6 13. Qb3 Qc8 14. Be3 c5 15. Nbd2 Nc6 16. Qa4 Qc7 17. b4 Rd8 18. Reb1 cxb4 19. cxb4 d5 20. Rc1 dxe4 21. Ng5 Red6 22. Ndxe4 Nxe4 23. Nxe4 Rd4 24. Bxd4 Rxd4 25. a6 1-0

[Event "CZE-chT 9899"]
[Site "Czech Republic"]
[Date "1999.02.13"]
[Round "6"]
[White "Mokry, Karel"]
[Black "Pisk, Petr"]
[Result "1/2-1/2"]
[WhiteElo "2466"]
[BlackElo "2323"]
[PlyCount "40"]
[EventDate "1998.10.31"]
[EventType "team-tourn"]
[EventRounds "11"]
[EventCountry "CZE"]
[SourceTitle "EXT 2019"]
[Source "ChessBase"]
[SourceDate "2018.10.10"]
[SourceVersion "1"]
[SourceVersionDate "2018.10.10"]
[SourceQuality "1"]
[WhiteTeam "Grygov A64 Valoz"]
[BlackTeam "Zlin"]
[WhiteTeamCountry "CZE"]
[BlackTeamCountry "CZE"]

1. e4 c5 2. Nf3 e6 3. d4 cxd4 4. Nxd4 a6 5. Bd3 Qc7 6. f4 Nc6 7. Nxc6 Qxc6 8. Be3 Nf6 9. Nd2 b5 10. Qf3 Bb7 11. 0-0 h5 12. Rae1 d6 13. c4 b4 14. Nb3 Qc7 15. h3 Be7 16. Qf2 Nd7 17. Bd2 Nc5 18. Bc2 a5 19. Nxc5 dxc5 20. f5 0-0-0 1/2-1/2

[Event "Olomouc AZ Sanace Cup"]
[Site "Olomouc"]
[Date "1998.08.10"]
[Round "3"]
[White "Betko, Lubomir"]
[Black "Mokry, Karel"]
[Result "1-0"]
[WhiteElo "2300"]
[BlackElo "2495"]
[PlyCount "111"]
[EventDate "1998.08.08"]
[EventType "tourn"]
[EventRounds "9"]
[EventCountry "CZE"]
[EventCategory "10"]
[SourceTitle "CBM 067"]
[Source "ChessBase"]
[SourceDate "1998.11.30"]
[SourceVersion "2"]
[SourceVersionDate "1998.11.01"]
[SourceQuality "1"]

1. e4 c5 2. Nf3 e6 3. d4 cxd4 4. Nxd4 Nf6 5. Nc3 d6 6. g4 h6 7. h3 Nc6 8. Bg2 a6 9. Be3 Be7 10. Qe2 Nxd4 11. Bxd4 e5 12. Be3 Be6 13. Nd5 Bxd5 14. exd5 Nd7 15. 0-0 0-0 16. Be4 Bg5 17. c4 a5 18. Bf5 Bxe3 19. fxe3 Nc5 20. Bc2 Qh4 21. Kg2 g6 22. Rf2 Kg7 23. Raf1 f6 24. Kh2 Rf7 25. Rg2 Rh8 26. Bxg6 Kxg6 27. Rf5 Kg7 28. Rh5 Qg5 29. Rxg5+ fxg5 30. Qe1 a4 31. h4 Rhf8 32. b4 axb3 33. axb3 Nxb3 34. Qb4 Nc5 35. Qb6 Rf6 36. h5 R8f7 37. Ra2 Nd3 38. Qb1 e4 39. Rg2 Kh7 40. Qa1 Ne5 41. Qb1 Nd3 42. Qb6 Kg7 43. Qd4 Ne1 44. Qxe4 Nxg2 45. Kxg2 Rc7 46. Qd4 Kf7 47. Kg3 Rc8 48. Qd3 Rf8 49. Qb3 Kg8 50. e4 Re8 51. c5 Rxe4 52. cxd6 Rff4 53. d7 Rxg4+ 54. Kh3 Rh4+ 55. Kg2 Rhg4+ 56. Qg3 1-0

[Event "CZE-chT 9798"]
[Site "Czech Republic"]
[Date "1998.03.08"]
[Round "9"]
[White "Smejkal, Jan"]
[Black "Mokry, Karel"]
[Result "1/2-1/2"]
[WhiteElo "2525"]
[BlackElo "2500"]
[PlyCount "38"]
[EventDate "1997.11.15"]
[EventType "team-tourn"]
[EventRounds "11"]
[EventCountry "CZE"]
[SourceTitle "EXT 2019"]
[Source "ChessBase"]
[SourceDate "2018.10.10"]
[SourceVersion "1"]
[SourceVersionDate "2018.10.10"]
[SourceQuality "1"]
[WhiteTeam "Praha Mladi"]
[BlackTeam "Grygov A64 Valoz"]
[WhiteTeamCountry "CZE"]
[BlackTeamCountry "CZE"]

1. Nf3 d6 2. d4 Bg4 3. c4 Nd7 4. e4 e5 5. Be2 Be7 6. Nc3 Ngf6 7. 0-0 0-0 8. Be3 c6 9. Rc1 Re8 10. d5 cxd5 11. cxd5 Bxf3 12. Bxf3 a6 13. a4 Qb8 14. b4 Rc8 15. Qb3 Bd8 16. Rc2 a5 17. Rfc1 axb4 18. Qxb4 Nc5 19. Nb5 b6 1/2-1/2

[Event "Pardubice Czech op"]
[Site "Pardubice"]
[Date "1998.??.??"]
[Round "2"]
[White "Mokry, Karel"]
[Black "Afek, Yochanan"]
[Result "0-1"]
[WhiteElo "2500"]
[BlackElo "2390"]
[PlyCount "64"]
[EventDate "1998.07.??"]
[EventType "swiss"]
[EventRounds "9"]
[EventCountry "CZE"]
[SourceTitle "EXT 1999"]
[Source "ChessBase"]
[SourceDate "1998.11.16"]
[SourceVersion "1"]
[SourceVersionDate "1998.11.16"]
[SourceQuality "1"]

1. e4 d5 2. exd5 Nf6 3. d4 Bg4 4. f3 Bf5 5. Bb5+ Nbd7 6. c4 a6 7. Bxd7+ Qxd7 8. Nc3 b5 9. b3 bxc4 10. bxc4 e6 11. Bg5 Be7 12. Bxf6 Bxf6 13. Nge2 exd5 14. Nxd5 Bh4+ 15. g3 Bg5 16. h4 Bd8 17. Ne3 h5 18. Nxf5 Qxf5 19. Kf2 0-0 20. Qb1 Qd7 21. Qd3 Bf6 22. Rad1 Rfe8 23. Rd2 g6 24. Nc3 Bg7 25. Ne4 Rab8 26. d5 Re5 27. Kg2 Rbe8 28. Rhd1 Kh8 29. Re2 Qe7 30. Rde1 f5 31. Nc3 Qa3 32. Qc2 Qxc3 0-1

[Event "Pardubice Czech op"]
[Site "Pardubice"]
[Date "1998.??.??"]
[Round "6"]
[White "Mokry, Karel"]
[Black "Jirovsky, Milos"]
[Result "1-0"]
[WhiteElo "2500"]
[BlackElo "2435"]
[PlyCount "79"]
[EventDate "1998.07.??"]
[EventType "swiss"]
[EventRounds "9"]
[EventCountry "CZE"]
[SourceTitle "EXT 1999"]
[Source "ChessBase"]
[SourceDate "1998.11.16"]
[SourceVersion "1"]
[SourceVersionDate "1998.11.16"]
[SourceQuality "1"]

1. e4 c5 2. Nf3 Nc6 3. d4 cxd4 4. Nxd4 g6 5. Nc3 Bg7 6. Nde2 Nf6 7. g3 d5 8. exd5 Nb4 9. Bg2 Bf5 10. Nd4 Bg4 11. Qd2 Nfxd5 12. Nxd5 Nxd5 13. h3 Bc8 14. Nb3 Nb6 15. Qxd8+ Kxd8 16. 0-0 Kc7 17. Re1 Re8 18. a4 a5 19. Bf4+ e5 20. Bd2 Be6 21. Nxa5 Red8 22. Bc3 Nd5 23. Bxe5+ Bxe5 24. Rxe5 Rxa5 25. c4 Kd6 26. Rae1 Rxa4 27. Bxd5 Bxh3 28. Bxf7 Rb4 29. Rd5+ Kc7 30. Re7+ Kc8 31. Rxd8+ Kxd8 32. Re8+ Kc7 33. Rh8 Bf5 34. Rxh7 Kd6 35. Bxg6 Bxg6 36. Rh6 Rxc4 37. Rxg6+ Kc5 38. Re6 Rc2 39. b4+ Kb5 40. Re4 1-0

[Event "Pardubice Czech op"]
[Site "Pardubice"]
[Date "1998.??.??"]
[Round "8"]
[White "Mokry, Karel"]
[Black "Manik, Mikulas"]
[Result "0-1"]
[WhiteElo "2500"]
[BlackElo "2460"]
[PlyCount "78"]
[EventDate "1998.07.??"]
[EventType "swiss"]
[EventRounds "9"]
[EventCountry "CZE"]
[SourceTitle "EXT 1999"]
[Source "ChessBase"]
[SourceDate "1998.11.16"]
[SourceVersion "1"]
[SourceVersionDate "1998.11.16"]
[SourceQuality "1"]

1. e4 c5 2. Nf3 Nc6 3. d4 cxd4 4. Nxd4 Nf6 5. Nc3 a6 6. Bg5 e6 7. Qd3 g6 8. Be2 h6 9. Bh4 Ne5 10. Qe3 g5 11. Bg3 b5 12. h4 g4 13. f4 gxf3 14. gxf3 b4 15. Nd1 Bb7 16. Qb3 Nh5 17. Bf2 d5 18. Qa4+ Qd7 19. Qxd7+ Kxd7 20. exd5 Bxd5 21. Ne3 Bb7 22. 0-0-0 Ke8 23. Nc4 Nxc4 24. Bxc4 Rc8 25. Bb3 Be7 26. Rhg1 Nf4 27. Rg4 e5 28. Rxf4 exf4 29. Nf5 Bxf3 30. Re1 Rc7 31. Bb6 Bg4 32. Nd6+ Kd7 33. Nxf7 Bxh4 34. Rh1 Re8 35. Ba4+ Rc6 36. Nxh6 Bf3 37. Rf1 Be2 38. Rh1 Bb5 39. Rd1+ Rd6 0-1

[Event "CZE-chT 9798"]
[Site "Czech Republic"]
[Date "1997.11.15"]
[Round "1"]
[White "Schula, Michal"]
[Black "Mokry, Karel"]
[Result "0-1"]
[WhiteElo "2290"]
[BlackElo "2500"]
[PlyCount "122"]
[EventDate "1997.11.15"]
[EventType "team-tourn"]
[EventRounds "11"]
[EventCountry "CZE"]
[SourceTitle "EXT 2019"]
[Source "ChessBase"]
[SourceDate "2018.10.10"]
[SourceVersion "1"]
[SourceVersionDate "2018.10.10"]
[SourceQuality "1"]
[WhiteTeam "Vysehrad SK Sokol II"]
[BlackTeam "Grygov A64 Valoz"]
[WhiteTeamCountry "CZE"]
[BlackTeamCountry "CZE"]

1. e4 e5 2. Nf3 Nc6 3. Bb5 g6 4. d3 Bg7 5. Nc3 Nge7 6. Bg5 h6 7. Bh4 0-0 8. Qd2 d6 9. Nd5 f6 10. c4 g5 11. Bg3 f5 12. h3 f4 13. Bh2 Ng6 14. Bxc6 bxc6 15. Nc3 Be6 16. 0-0-0 c5 17. Ne1 Ne7 18. f3 Nc6 19. Bg1 Nd4 20. Nc2 c6 21. Nxd4 exd4 22. Na4 Rb8 23. b3 Rb4 24. Bf2 Be5 25. Qc2 Rf7 26. Be1 Rbb7 27. Kb2 h5 28. a3 Rh7 29. Bf2 g4 30. hxg4 hxg4 31. Rdg1 g3 32. Be1 Rxh1 33. Rxh1 Rh7 34. Rxh7 Kxh7 35. b4 cxb4 36. axb4 Qh4 37. Qd2 Qh2 38. Kc2 Qg1 39. Kb2 Qf1 40. Kc2 Kg6 41. Kb2 Kh5 42. Kc2 Kh4 43. Nb2 Bd7 44. Nd1 a6 45. Kb2 c5 46. Kb3 cxb4 47. Kxb4 Bh3 48. gxh3 Qxf3 49. Ka5 Kxh3 50. Kxa6 Qg2 51. Nf2+ gxf2 52. Bxf2 Kg4 53. Qe1 Kf3 54. Bg1 Qa2+ 55. Kb5 Qb3+ 56. Kc6 Qxd3 57. Kd5 Qe2 58. Qh4 Qxe4+ 59. Ke6 Qg6+ 60. Kd5 Qg8+ 61. Kc6 Qxg1 0-1

[Event "CZE-chT 9697"]
[Site "Czech Republic"]
[Date "1997.??.??"]
[Round "11"]
[White "Mokry, Karel"]
[Black "Konopka, Michal"]
[Result "1/2-1/2"]
[WhiteElo "2500"]
[BlackElo "2415"]
[PlyCount "37"]
[EventDate "1996.??.??"]
[EventType "team-tourn"]
[EventRounds "11"]
[EventCountry "CZE"]
[SourceTitle "EXT 2019"]
[Source "ChessBase"]
[SourceDate "2018.10.10"]
[SourceVersion "1"]
[SourceVersionDate "2018.10.10"]
[SourceQuality "1"]
[WhiteTeam "Grygov A64 Valoz"]
[BlackTeam "Pardubice RC Sport"]
[WhiteTeamCountry "CZE"]
[BlackTeamCountry "CZE"]

1. e4 d5 2. exd5 Qxd5 3. Nc3 Qa5 4. d4 c6 5. Bc4 Nf6 6. Nf3 Bf5 7. Bd2 e6 8. Qe2 Bb4 9. 0-0-0 Nbd7 10. Kb1 Nb6 11. Bb3 Bxc3 12. Bxc3 Qb5 13. Qxb5 cxb5 14. Ba5 Nc4 15. Be1 0-0 16. Bxc4 bxc4 17. Nd2 b5 18. Nf1 Nd5 19. Ne3 1/2-1/2

[Event "Pribram op rap"]
[Site "Pribram"]
[Date "1997.??.??"]
[Round "5"]
[White "Mokry, Karel"]
[Black "Meszaros, Ludek"]
[Result "1-0"]
[WhiteElo "2500"]
[BlackElo "2290"]
[PlyCount "49"]
[EventDate "1997.??.??"]
[EventType "team (rapid)"]
[EventRounds "9"]
[EventCountry "CZE"]
[SourceTitle "EXT 2001"]
[Source "ChessBase"]
[SourceDate "2000.11.22"]
[SourceVersion "1"]
[SourceVersionDate "2000.11.22"]
[SourceQuality "1"]

1. e4 e5 2. Nf3 Nc6 3. Bb5 a6 4. Ba4 Nf6 5. d3 d6 6. Nbd2 g6 7. Nf1 Bd7 8. c3 Bg7 9. Bg5 h6 10. Bh4 0-0 11. Qd2 g5 12. Bg3 Nh5 13. Ne3 b5 14. Bc2 Ne7 15. d4 Ng6 16. dxe5 dxe5 17. 0-0-0 Be6 18. Qxd8 Rfxd8 19. Bb3 Ngf4 20. Kc2 c6 21. Bxe6 fxe6 22. h4 Nxg3 23. fxg3 Nh5 24. Rxd8+ Rxd8 25. hxg5 1-0

[Event "Pribram op rap"]
[Site "Pribram"]
[Date "1997.??.??"]
[Round "8"]
[White "Mokry, Karel"]
[Black "Trmal, Jaroslav"]
[Result "1-0"]
[WhiteElo "2500"]
[BlackElo "2255"]
[PlyCount "49"]
[EventDate "1997.??.??"]
[EventType "team (rapid)"]
[EventRounds "9"]
[EventCountry "CZE"]
[SourceTitle "EXT 2001"]
[Source "ChessBase"]
[SourceDate "2000.11.22"]
[SourceVersion "1"]
[SourceVersionDate "2000.11.22"]
[SourceQuality "1"]

1. e4 c6 2. d4 d5 3. e5 Bf5 4. h4 h5 5. c4 e6 6. Nc3 Be7 7. g3 Nd7 8. cxd5 exd5 9. Bh3 Bxh3 10. Nxh3 Bb4 11. Nf4 g6 12. a3 Bxc3+ 13. bxc3 Ne7 14. e6 Nf8 15. exf7+ Kxf7 16. 0-0 Qc8 17. Re1 b6 18. a4 Rb8 19. c4 dxc4 20. d5 Qd7 21. Qd4 Rh7 22. d6 Nf5 23. Qxc4+ Kg7 24. Bb2+ Kh6 25. Ne6 1-0

[Event "Olympiad-32"]
[Site "Yerevan"]
[Date "1996.09.24"]
[Round "8.2"]
[White "Situru, Nathanael"]
[Black "Mokry, Karel"]
[Result "1-0"]
[WhiteElo "2385"]
[BlackElo "2505"]
[PlyCount "91"]
[EventDate "1996.09.15"]
[EventType "team-swiss"]
[EventRounds "14"]
[EventCountry "ARM"]
[SourceTitle "CBM 055"]
[Source "ChessBase"]
[SourceDate "1996.12.01"]
[SourceVersion "1"]
[SourceVersionDate "1996.12.01"]
[SourceQuality "1"]
[WhiteTeam "Indonesia"]
[BlackTeam "Czech Republic"]
[WhiteTeamCountry "INA"]
[BlackTeamCountry "CZE"]

1. e4 d6 2. d4 Nf6 3. Nc3 e5 4. Nf3 Nbd7 5. Bc4 Be7 6. 0-0 0-0 7. h3 c6 8. a4 b6 9. Qe2 Bb7 10. dxe5 dxe5 11. Rd1 Qc7 12. Nh4 Nc5 13. Nf5 Rad8 14. Bg5 Bc8 15. Qf3 Kh8 16. Rxd8 Bxd8 17. Rd1 Ne6 18. Be3 Ne8 19. Ne2 Bf6 20. c3 g6 21. Nd6 Bg7 22. Nxc8 Qxc8 23. Ng3 h5 24. b4 Kh7 25. a5 bxa5 26. bxa5 Qc7 27. a6 Nd6 28. Bxe6 fxe6 29. Qe2 c5 30. f3 Rd8 31. Nf1 Bh6 32. Bxh6 Kxh6 33. Ne3 Nf7 34. Rxd8 Nxd8 35. Qb5 Qd6 36. Qe8 Kg7 37. Nc4 Qd1+ 38. Kh2 Nf7 39. Qe7 Qc1 40. h4 Qf4+ 41. Kg1 Qc1+ 42. Kh2 Qf4+ 43. Kh3 Qf6 44. Qxa7 Kh6 45. Qxc5 g5 46. Qe3 1-0

[Event "Olympiad-32"]
[Site "Yerevan"]
[Date "1996.09.17"]
[Round "2.2"]
[White "Mokry, Karel"]
[Black "Nguyen, Anh Dung"]
[Result "0-1"]
[WhiteElo "2505"]
[BlackElo "2465"]
[PlyCount "66"]
[EventDate "1996.09.15"]
[EventType "team-swiss"]
[EventRounds "14"]
[EventCountry "ARM"]
[SourceTitle "CBM 055"]
[Source "ChessBase"]
[SourceDate "1996.12.01"]
[SourceVersion "1"]
[SourceVersionDate "1996.12.01"]
[SourceQuality "1"]
[WhiteTeam "Czech Republic"]
[BlackTeam "Vietnam"]
[WhiteTeamCountry "CZE"]
[BlackTeamCountry "VIE"]

1. e4 c5 2. Nf3 d6 3. d4 cxd4 4. Nxd4 Nf6 5. Nc3 a6 6. f4 e6 7. Bd3 Be7 8. 0-0 Nbd7 9. Nf3 0-0 10. Qe1 Nc5 11. Be3 Nxd3 12. cxd3 b5 13. Qg3 Re8 14. e5 Nd5 15. Bd4 Nxc3 16. bxc3 Bf8 17. Ng5 d5 18. Rf3 h6 19. Nh3 Rb8 20. Nf2 b4 21. Ng4 Kh7 22. Qh3 bxc3 23. Bxc3 d4 24. Be1 Rb2 25. Rg3 Bb7 26. Bf2 Be7 27. Qh5 Bh4 28. Nf6+ Bxf6 29. Qxf7 Bg5 30. Rxg5 hxg5 31. Qh5+ Kg8 32. fxg5 Rf8 33. Rf1 Qd5 0-1

[Event "CZE-chT 9596"]
[Site "Czech Republic"]
[Date "1996.02.04"]
[Round "9"]
[White "Mrva, Martin"]
[Black "Mokry, Karel"]
[Result "1/2-1/2"]
[WhiteElo "2385"]
[BlackElo "2505"]
[PlyCount "111"]
[EventDate "1995.10.21"]
[EventType "team-tourn"]
[EventRounds "11"]
[EventCountry "CZE"]
[SourceTitle "EXT 2019"]
[Source "ChessBase"]
[SourceDate "2018.10.10"]
[SourceVersion "1"]
[SourceVersionDate "2018.10.10"]
[SourceQuality "1"]
[WhiteTeam "Ostrava Labortech"]
[BlackTeam "Grygov A64 Valoz"]
[WhiteTeamCountry "CZE"]
[BlackTeamCountry "CZE"]

1. e4 e5 2. Nf3 Nc6 3. Bb5 Nf6 4. d3 d6 5. c4 Be7 6. h3 0-0 7. Be3 Nb8 8. 0-0 c6 9. Ba4 a6 10. Nc3 b5 11. cxb5 cxb5 12. Bb3 Bb7 13. a3 Nbd7 14. Ba2 Rc8 15. Nh4 d5 16. exd5 Nxd5 17. Nf5 Nxc3 18. bxc3 Nf6 19. Re1 Qd7 20. Nxe7+ Qxe7 21. Bd4 Nd7 22. f4 Rfe8 23. Qh5 g6 24. Qh6 Qf8 25. Qxf8+ Kxf8 26. fxe5 Nc5 27. Rf1 Ne6 28. Rf6 Rc7 29. Raf1 Kg7 30. Bb6 Rd7 31. d4 Ree7 32. Bxe6 Rxe6 33. Bc5 Bd5 34. a4 bxa4 35. Rxe6 Bxe6 36. Rb1 Bb3 37. Kf2 f6 38. exf6+ Kxf6 39. Ke3 Ke6 40. Kd3 Kd5 41. Re1 Bc4+ 42. Kd2 Rf7 43. Re5+ Kc6 44. Bb4 Rf5 45. Rxf5 gxf5 46. g3 Kd5 47. Kc2 Bf1 48. h4 Kc4 49. Kb2 Bg2 50. Be7 Be4 51. Bf8 h5 52. Be7 Bd5 53. Bf8 Be4 54. Be7 Bd5 55. Bf8 Be4 56. Be7 1/2-1/2

[Event "CZE-ch"]
[Site "Turnov"]
[Date "1996.??.??"]
[Round "4"]
[White "Mokry, Karel"]
[Black "Bazant, Petr Sr"]
[Result "0-1"]
[WhiteElo "2505"]
[BlackElo "2295"]
[PlyCount "78"]
[EventDate "1996.??.??"]
[EventType "tourn"]
[EventRounds "11"]
[EventCountry "CZE"]
[EventCategory "8"]
[SourceTitle "CBM 054"]
[Source "ChessBase"]
[SourceDate "1996.10.01"]
[SourceVersion "1"]
[SourceVersionDate "1996.10.01"]
[SourceQuality "1"]

1. e4 c5 2. Nf3 Nf6 3. e5 Nd5 4. Nc3 e6 5. Ne4 Nc6 6. c4 Nb6 7. b3 d5 8. exd6 f5 9. Nxc5 Bxd6 10. d4 e5 11. Be2 e4 12. Ng5 Qf6 13. Be3 h6 14. Ngxe4 fxe4 15. Nxe4 Bb4+ 16. Kf1 Qe7 17. Bh5+ Kd8 18. Nc5 Rf8 19. Kg1 Bf5 20. a3 Bxc5 21. dxc5+ Nd7 22. b4 Kc7 23. h3 Rad8 24. Qa4 Qe5 25. Rc1 Be4 26. Bg4 Kb8 27. Re1 Nf6 28. Bd1 Nd4 29. c6 Bxc6 30. b5 Be4 31. f3 Bxf3 32. Bf2 Qc7 33. Bxf3 Nxf3+ 34. gxf3 b6 35. Kg2 Nh5 36. Re4 Nf4+ 37. Rxf4 Rxf4 38. Bg3 Rd2+ 39. Kf1 Qe5 0-1